000 005990000a22001690004500
003 MACL
005 20160420150531.0
008 160420b xxu||||| |||| 00| 0 eng d
040 _aMACL
_cMACL
041 _aHindi
082 _a800 JHA
100 _aझारी कृष्‍णदेव
_942528
245 _aहिन्‍दी साहित्‍य और साहित्‍यकार
260 _bराष्‍ट्रीय हिन्‍दी साहित्‍य परिषद
_c2009
_aनई दिल्‍ली
350 _a555
942 _cHIN
_k800/JHA
_2ddc
999 _c44898
_d44898